000 00689nam a2200253Ia 4500
003 GCL
008 140319s9999 xx 000 0 eng d
040 _aGCL /
_cGCL
082 0 4 _a72092GC
100 1 _aEL CORBUSIR
245 1 0 _aLE CORBASIER:EARLY WORKS BY CHARLES_EDOUARD JEANNERT GRIS /
_cEL CORBUSIR
700 1 _aVELLAS DESIGN
700 1 _aMODERN ARCHITECTURE
700 1 _aGRIS,CHARLES_EDOUARD JEAMMERET
700 1 _aBAKER, GEAFFREY
700 1 _aCUBLER, JACQUES
260 _a[S.N] :
_bACADEMY EDITIONS ،
_c1987
300 _a136
650 0 4 _aARCHITECTS
650 0 4 _aMODERN ARCHITECTURE
650 0 4 _aEL CORBUSIR
650 0 4 _aVELLAS DESIGN
942 _2ddc
_cBK
999 _c11585
_d11585